| 000 | 02715nam0a2200385 4500 | ||
|---|---|---|---|
| 001 | RU\NLR\BIBL_A\022508271 | ||
| 005 | 20250718155817.0 | ||
| 010 |
_a978-5-907965-11-9 _9500 |
||
| 021 |
_aRU _bКН-П-25-007090 _9КН-П-25-0698 |
||
| 035 | _a(NLR Aleph) 022508271 | ||
| 090 |
_a13454811 _c13454811 |
||
| 100 | _a20250401d2024 k y0rusy50 ca | ||
| 101 | 0 | _arus | |
| 102 | _aRU | ||
| 105 | _aa z 100yy | ||
| 181 | 0 |
_ai3 _baxxe |
|
| 182 | 0 | _an | |
| 200 | 1 |
_aСтратегии устойчивого развития: социальные, экономические и юридические аспекты _eматериалы V Всероссийской научно-практической конференции (Чебоксары, 18 декабря 2024 г.) _fБюджетное образовательное учреждение высшего образования Чувашской Республики "Чувашский государственный институт культуры и искусств" Министерства культуры Чувашской Республики _gредакционная коллегия: Фомин Эдуард Валентинович, канд. филол. наук, доцент |
|
| 203 |
_aТекст _bвизуальный _cнепосредственный |
||
| 210 |
_aЧебоксары _cСреда _d2024 |
||
| 215 |
_a375 с. _cил. _d20 |
||
| 320 | _aБиблиогр. в конце ст. | ||
| 606 | 1 |
_aОбразование _yРоссийская Федерация _jСъезды, совещания и т.п _2nlr_sh1 _2nlr_sh2 _3RU\NLR\AUTH\661375304 |
|
| 606 | 1 |
_aУстойчивого развития концепция _jСъезды, совещания и т.п _2nlr_sh1 _2nlr_sh2 _3RU\NLR\AUTH\661263996 |
|
| 686 | 1 | _aУ5-961-314я431 | |
| 686 | 1 | _aХ62я431 | |
| 686 | 1 | _aЧ34(2Р)я431 | |
| 702 | 1 |
_aФомин _bЭ. В. _cканд. филол. наук _f1971- _gЭдуард Валентинович _3RU\NLR\AUTH\7785494 _4340 |
|
| 711 | 1 | 2 |
_a"Стратегии устойчивого развития: социальные, экономические и юридические аспекты", всероссийская научно-практическая конференция с международным участием _d5 _f2024 _eЧебоксары _3RU\NLR\AUTH\880626003 |
| 712 | 0 | 2 |
_aЧувашский государственный институт культуры и искусств _cЧебоксары _3RU\NLR\AUTH\8810051725 _4570 |
| 942 | _cBOOK | ||
| 980 | _aNB | ||